Sports League Logos Quiz - Statistics

General Stats
  • This quiz has been taken 150 times
  • The average score is 9 of 16
Answer Stats
Picture Answer % Correct
National Football League
99%
National Basketball Association
98%
National Hockey League
93%
Major League Baseball
88%
English Premier League
86%
Women's National Basketball Association
78%
Major League Soccer
76%
Bundesliga
65%
La Liga
56%
Serie A
50%
Australian Football League
35%
Professional Women's Hockey League
24%
Indian Premier League
23%
National Rugby League
15%
Big Bash League
11%
Nippon Professional Baseball
9%
No matching quizzes found
Score Distribution
Percent of People with Each Score
Percentile by Number Answered
Your Score History
You have not taken this quiz